[Event "GER-ch Net blitz qual1"]
[Site "Playchess.com INT"]
[Date "2020.03.07"]
[Round "9"]
[White "Flach, Erich"]
[Black "Kaiser, Hubert"]
[Result "1-0"]
[WhiteElo "2073"]
[BlackElo "1905"]
[PlyCount "107"]
[EventDate "2020.03.07"]
[EventType "swiss (blitz)"]
[EventRounds "9"]
[EventCountry "GER"]
[SourceTitle "CBM 195 Extra"]
[Source "ChessBase"]
[SourceDate "2020.05.31"]
[SourceVersion "1"]
[SourceVersionDate "2020.05.31"]
[SourceQuality "1"]

1. c4 Nf6 2. Nc3 g6 3. e4 d6 4. d4 Bg7 5. Nf3 0-0 6. Be2 c5 7. 0-0 cxd4 8. Nxd4 Nc6 9. Nc2 a6 10. Be3 Be6 11. f3 Rc8 12. b3 Ng4 13. Qd2 Nxe3 14. Qxe3 Qa5 15. Nd5 Bxa1 16. Rxa1 Qc5 17. Rd1 Rfd8 18. Nb6 Qxe3+ 19. Nxe3 Rc7 20. a3 Kf8 21. Kf2 f5 22. exf5 gxf5 23. f4 Na5 24. b4 Nc6 25. Bd3 Nb8 26. Nxf5 Rc6 27. Nd4 Rxb6 28. Nxe6+ Ke8 29. Nxd8 Kxd8 30. Bxh7 Nd7 31. Be4 Nf6 32. Bf3 a5 33. g4 axb4 34. Rb1 b3 35. g5 Nd7 36. Bd1 Nc5 37. Ke3 Kd7 38. h4 Ra6 39. h5 Rxa3 40. h6 b2+ 41. Kf2 Rh3 42. Kg2 Rh4 43. Kg3 Rh1 44. Kg2 Rh4 45. Rxb2 Nd3 46. Rxb7+ Kc6 47. Bf3+ Kc5 48. Rxe7 Nxf4+ 49. Kg3 Ng6 50. Rg7 Kxc4 51. Rxg6 Rd4 52. h7 Kc3 53. h8Q Kd2 54. Qxd4+ 1-0

[Event "GER-ch Net blitz qual1"]
[Site "Playchess.com INT"]
[Date "2020.03.07"]
[Round "1"]
[White "Kaiser, Hubert"]
[Black "Scheele, Andreas"]
[Result "0-1"]
[WhiteElo "1905"]
[BlackElo "1720"]
[PlyCount "70"]
[EventDate "2020.03.07"]
[EventType "swiss (blitz)"]
[EventRounds "9"]
[EventCountry "GER"]
[SourceTitle "CBM 195 Extra"]
[Source "ChessBase"]
[SourceDate "2020.05.31"]
[SourceVersion "1"]
[SourceVersionDate "2020.05.31"]
[SourceQuality "1"]

1. c4 g6 2. Nc3 Bg7 3. g3 c5 4. Bg2 Nc6 5. e3 d6 6. Nge2 Nf6 7. 0-0 0-0 8. d4 Bd7 9. b3 cxd4 10. exd4 Qa5 11. Bd2 Rab8 12. Re1 Rfc8 13. Kh1 Ng4 14. Kg1 Nf6 15. h3 a6 16. Kh2 Qd8 17. f4 b5 18. c5 Nb4 19. cxd6 exd6 20. Ng1 Nd3 21. Re3 Bf5 22. g4 Bxg4 23. hxg4 Nf2 24. Qe1 N6xg4+ 25. Kg3 Bxd4 26. Nd5 h5 27. Ne7+ Kf8 28. Nxc8 h4+ 29. Kf3 Qxc8 30. Ke2 Qc2 31. Rc1 Qxa2 32. Kf1 Nxe3+ 33. Bxe3 Ng4 34. Nf3 Nxe3+ 35. Kg1 Qxg2# 0-1